New perspectives on property law, obligations and restitution (Record no. 103087)

MARC details
000 -LEADER
fixed length control field 03228cam a2200757 4500
001 - CONTROL NUMBER
control field
008 - FIXED-LENGTH DATA ELEMENTS--GENERAL INFORMATION
fixed length control field 030922n2004 000 0 eng u
010 ## - LIBRARY OF CONGRESS CONTROL NUMBER
LC control number 346.4202
020 ## - INTERNATIONAL STANDARD BOOK NUMBER
International Standard Book Number 1859418422
035 ## - SYSTEM CONTROL NUMBER
System control number (Sirsi) u123674
041 ## - LANGUAGE CODE
Language code of text/sound track or separate title eng
050 ## - LIBRARY OF CONGRESS CALL NUMBER
Classification number 346.4104
245 ## - TITLE STATEMENT
Title New perspectives on property law, obligations and restitution
260 ## - PUBLICATION, DISTRIBUTION, ETC.
Place of publication, distribution, etc. London
Name of publisher, distributor, etc. Cavendish
Date of publication, distribution, etc. 2004
300 ## - PHYSICAL DESCRIPTION
Extent xix, 378p.
Dimensions 24cm.
350 ## - PRICE (NR) (BK AM CF MU VM SE) [OBSOLETE]
Price 35
505 ## - FORMATTED CONTENTS NOTE
Formatted contents note The unbearable lightness of property
505 ## - FORMATTED CONTENTS NOTE
Formatted contents note The (virtue) ethics of private property: a framework and implications
505 ## - FORMATTED CONTENTS NOTE
Formatted contents note The relationship between property law and tort law
505 ## - FORMATTED CONTENTS NOTE
Formatted contents note Property and contract: where are we?
505 ## - FORMATTED CONTENTS NOTE
Formatted contents note The Land Registration Act 2002 and the nature of ownership
505 ## - FORMATTED CONTENTS NOTE
Formatted contents note The reform of property law and the Land Registration Act 2002: a risk assessment
505 ## - FORMATTED CONTENTS NOTE
Formatted contents note The taxonomic approach to restitution
505 ## - FORMATTED CONTENTS NOTE
Formatted contents note The theory of unjust enrichment
505 ## - FORMATTED CONTENTS NOTE
Formatted contents note Property and unjust enrichment: a misunderstood relationship
505 ## - FORMATTED CONTENTS NOTE
Formatted contents note Vindicating vindication: "Foskett v McKeown" reviewed
505 ## - FORMATTED CONTENTS NOTE
Formatted contents note Restitution of property you do not own anyway
505 ## - FORMATTED CONTENTS NOTE
Formatted contents note The policy against accumulation and three party cases: "Roxborough v Rothmans of Pall Mall Australia"
505 ## - FORMATTED CONTENTS NOTE
Formatted contents note On the redundancy of the concept of bailment
505 ## - FORMATTED CONTENTS NOTE
Formatted contents note Whose molecule is it anyway? Private and social perspectives on intellectual property
505 ## - FORMATTED CONTENTS NOTE
Formatted contents note Simplifying copyright law
505 ## - FORMATTED CONTENTS NOTE
Formatted contents note Property rights, international trade and human rights
505 ## - FORMATTED CONTENTS NOTE
Formatted contents note The company: property, power and responsibility
505 ## - FORMATTED CONTENTS NOTE
Formatted contents note Mutuals and co-operatives: property, obligations, business and dedicated assets
505 ## - FORMATTED CONTENTS NOTE
Formatted contents note Rapporteur's overview: between morality and formalism in property, obligations and restitution
520 ## - SUMMARY, ETC.
Summary, etc. Collection of essays drawn from papers delivered at the annual WG Hart workshops held at the Institute of Advanced Legal Studies, University of London, 1-3 July 2002. Examines the conceptual notions of property and obligations in law and focuses on the ways in which these concepts are applied to commercial law, land law, human rights law, intellectual property law, the law of restitution, company law and legal theory.
650 ## - SUBJECT ADDED ENTRY--TOPICAL TERM
Topical term or geographic name entry element COMMERCIAL LAW
650 ## - SUBJECT ADDED ENTRY--TOPICAL TERM
Topical term or geographic name entry element LAND LAW
650 ## - SUBJECT ADDED ENTRY--TOPICAL TERM
Topical term or geographic name entry element HUMAN RIGHTS
650 ## - SUBJECT ADDED ENTRY--TOPICAL TERM
Topical term or geographic name entry element INTELLECTUAL PROPERTY
650 ## - SUBJECT ADDED ENTRY--TOPICAL TERM
Topical term or geographic name entry element LAW OF RESTITUTION
650 ## - SUBJECT ADDED ENTRY--TOPICAL TERM
Topical term or geographic name entry element COMPANY LAW
650 ## - SUBJECT ADDED ENTRY--TOPICAL TERM
Topical term or geographic name entry element FOSKETT AND OTHER V MCKEOWN AND OTHER
650 ## - SUBJECT ADDED ENTRY--TOPICAL TERM
Topical term or geographic name entry element ROXBOROUGH AND OTHERS V ROTHMANS OF PALL MALL AUSTRALIA
690 ## - LOCAL SUBJECT ADDED ENTRY--TOPICAL TERM (OCLC, RLIN)
Topical term or geographic name as entry element PROPERTY
700 ## - ADDED ENTRY--PERSONAL NAME
Personal name Hudson, Alastair
700 ## - ADDED ENTRY--PERSONAL NAME
Personal name Campbell, David
700 ## - ADDED ENTRY--PERSONAL NAME
Personal name Cooke, Elizabeth
700 ## - ADDED ENTRY--PERSONAL NAME
Personal name Degeling, Simone
700 ## - ADDED ENTRY--PERSONAL NAME
Personal name Dine, Janet
700 ## - ADDED ENTRY--PERSONAL NAME
Personal name Dixon, Martin
700 ## - ADDED ENTRY--PERSONAL NAME
Personal name Giliker, Paula
700 ## - ADDED ENTRY--PERSONAL NAME
Personal name Griffiths, Jonathan
700 ## - ADDED ENTRY--PERSONAL NAME
Personal name Hedley, Steve
700 ## - ADDED ENTRY--PERSONAL NAME
Personal name Jaffrey, Peter
700 ## - ADDED ENTRY--PERSONAL NAME
Personal name Lametti, David
700 ## - ADDED ENTRY--PERSONAL NAME
Personal name McMeel, Gerard
700 ## - ADDED ENTRY--PERSONAL NAME
Personal name Pearce, David
700 ## - ADDED ENTRY--PERSONAL NAME
Personal name Picciotto, Sol
700 ## - ADDED ENTRY--PERSONAL NAME
Personal name Rotherham, Craig
700 ## - ADDED ENTRY--PERSONAL NAME
Personal name Snaith, Ian
700 ## - ADDED ENTRY--PERSONAL NAME
Personal name Tettenborn, Andrew
700 ## - ADDED ENTRY--PERSONAL NAME
Personal name Virgo, Graham
700 ## - ADDED ENTRY--PERSONAL NAME
Personal name Whitehouse, Lisa
942 ## - ADDED ENTRY ELEMENTS (KOHA)
Suppress in OPAC 0
Source of classification or shelving scheme Dewey Decimal Classification
Holdings
Withdrawn status Lost status Source of classification or shelving scheme Damaged status Not for loan Home library Current library Shelving location Date acquired Cost, normal purchase price Total Checkouts Full call number Barcode Date last seen Date last checked out Copy number Cost, replacement price Price effective from Koha item type
    Other/Generic Classification Scheme     London London Books 13/01/2004 29.75 5 346.4104 HUD 30068971 06/08/2019 23/01/2009 1 29.75 06/08/2019 Book